Khizānat al-adab wa-lubb lubāb lisān al-ʻArab : wa-huwa sharḥ ʻalá shawāhid Sharḥ al-Kāfīyah lil-Raḍī /
Main Author:
Format: Book
Language: Arabic
Published:
al-Qahirah :
al-Maṭbaʻah al-Salafīyah wa-Maktabatuha,
1347- [1928 or 1929]-
Subjects:
Tags: Add Tag
Call Number: PJ7541 .A23 1928 v.1-4
| LEADER | 02290nam a2200301Ia 4500 | ||
|---|---|---|---|
| 003 | OSt | ||
| 005 | 20231012104419.0 | ||
| 008 | 130303m19289999ua b 000 0 ara d | ||
| 952 | |0 0 |1 0 |2 lcc |3 V.1 |4 0 |6 PJ7541 A23 01928 V.00001-00004 |7 1 |9 50412 |a ARCE |b ARCE |d 2023-10-12 |l 0 |o PJ7541 .A23 1928 v.1-4 |p 1028480 |r 2023-10-12 00:00:00 |w 2023-10-12 |y BK | ||
| 952 | |0 0 |1 0 |2 lcc |3 V.2 |4 0 |6 PJ7541 A23 01928 V.00001-00004 |7 1 |9 63176 |a ARCE |b ARCE |d 2024-02-26 |l 0 |o PJ7541 .A23 1928 v.1-4 |p 1028481 |r 2024-02-26 00:00:00 |w 2024-02-26 |y BK | ||
| 952 | |0 0 |1 0 |2 lcc |3 V.3 |4 0 |6 PJ7541 A23 01928 V.00001-00004 |7 1 |9 63177 |a ARCE |b ARCE |d 2024-02-26 |l 0 |o PJ7541 .A23 1928 v.1-4 |p 1028482 |r 2024-02-26 00:00:00 |w 2024-02-26 |y BK | ||
| 952 | |0 0 |1 0 |2 lcc |3 V.4 |4 0 |6 PJ7541 A23 01928 V.00001-00004 |7 1 |9 63178 |a ARCE |b ARCE |d 2024-02-26 |l 0 |o PJ7541 .A23 1928 v.1-4 |p 1028483 |r 2024-02-26 00:00:00 |w 2024-02-26 |y BK | ||
| 952 | |0 0 |1 0 |2 lcc |3 V.1 |4 0 |6 PJ7541 A23 01979 |7 1 |9 63179 |a ARCE |b ARCE |d 2024-02-26 |l 0 |o PJ7541 .A23 1979 |p 1028484 |r 2024-02-26 00:00:00 |w 2024-02-26 |y BK | ||
| 999 | |c 26681 |d 26681 | ||
| 040 | |c ARCE Library | ||
| 050 | 4 | |a PJ7541 .A23 1928 v.1-4 | |
| 100 | 1 | |6 880-01 |a Baghdādī, ʻAbd al-Qādir ibn ʻUmar, |d 1621-1682, |e author | |
| 245 | 1 | 0 | |6 880-02 |a Khizānat al-adab wa-lubb lubāb lisān al-ʻArab : |b wa-huwa sharḥ ʻalá shawāhid Sharḥ al-Kāfīyah lil-Raḍī / |c taʾlīf ʻAbd al-Qādir ibn ʻUmar al-Baghdādi. |
| 264 | 1 | |a al-Qahirah : |b al-Maṭbaʻah al-Salafīyah wa-Maktabatuha, |c 1347- [1928 or 1929]- | |
| 300 | |a 4 volumes ; |c 25 cm. | ||
| 504 | |a Includes bibliographical references. | ||
| 600 | 1 | 0 | |a Astarābādhī, Raḍī al-Dīn Muḥammad ibn al-Ḥasan, |d active 1284. |t Sharḥal-Kāfiyah. |9 25762 |
| 650 | 0 | |a Arabic language |x Grammar |v Early works to 1800. | |
| 650 | 0 | |a Arabic poetry |x History and criticism. | |
| 880 | 1 | |6 100-01/(3/r |a بغدادي, عبد القادر بن عمر |d 1621-1682. | |
| 880 | 1 | 0 | |6 245-02/(3/r |a خزانة الأدب و لب لباب لسان العرب : |b و هو شرح على شواهد شرح الكافية للرضي |c تأليف عبد القادر بن عمر البغدادي. |
| 901 | |a reviewed | ||
| 942 | |c BK |2 lcc | ||
